Latinskoamerická nestabilita pohledem ekonomů

Politický a bezpečnostno-vojenský vývoj Latinskej Ameriky. Neadekvátna národohospodárska stratégia Latinskej Ameriky. Dlhodobý vývoj zahraničného obchodu latinskoamerických krajín v porovnaní s ázijskou rozvojovou oblasťou. Rôzne názory na príčiny stagnácie. Perspektívy hospodárskeho vývoja.

Gespeichert in:
Bibliographische Detailangaben
1. Verfasser: Foltýn, Jaroslav
Format: Buchkapitel
Sprache:Tschechisch
Schlagworte:
Tags: Tag hinzufügen
Keine Tags, Fügen Sie das erste Tag hinzu!

MARC

LEADER 00000naa$a2200000$$$4500
001 0046711
005 20231016092501.6
041 0 |a cze 
044 |a CZ 
245 1 0 |a Latinskoamerická nestabilita pohledem ekonomů  |c Jaroslav Foltýn 
520 |a Politický a bezpečnostno-vojenský vývoj Latinskej Ameriky. Neadekvátna národohospodárska stratégia Latinskej Ameriky. Dlhodobý vývoj zahraničného obchodu latinskoamerických krajín v porovnaní s ázijskou rozvojovou oblasťou. Rôzne názory na príčiny stagnácie. Perspektívy hospodárskeho vývoja. 
610 2 0 |a Latinská Amerika 
610 2 0 |a nestabilita politická 
610 2 0 |a stagnácia 
610 2 0 |a situácia hospodárska 
610 2 0 |a politika bezpečnostná 
610 2 0 |a politika medzinárodná 
610 2 0 |a obchod zahraničný 
100 1 |a Foltýn, Jaroslav